[Event "Clichy intern op 0304"]
[Site "Clichy"]
[Date "2003.12.04"]
[Round "3"]
[White "Marquet, Didier"]
[Black "Collin, Eric"]
[Result "0-1"]
[WhiteElo "1450"]
[BlackElo "1440"]
[PlyCount "98"]
[EventDate "2003.10.16"]
[EventType "swiss"]
[EventRounds "6"]
[EventCountry "FRA"]
[SourceTitle "EXT 2008"]
[Source "ChessBase"]
[SourceDate "2007.11.25"]
[SourceVersion "1"]
[SourceVersionDate "2007.11.25"]
[SourceQuality "1"]

1. e4 e6 2. d4 d5 3. exd5 exd5 4. Nc3 Nf6 5. Nf3 Bb4 6. Bd2 0-0 7. Be2 Be6 8. a3 Ba5 9. b4 Bb6 10. h3 Nc6 11. Be3 a6 12. 0-0 Qd7 13. Ne5 Nxe5 14. dxe5 Bxe3 15. fxe3 Ne8 16. Bg4 c6 17. Na4 Bxg4 18. Qxg4 Qxg4 19. hxg4 Nc7 20. Nb6 Rad8 21. a4 g6 22. Rad1 Rfe8 23. c4 Rxe5 24. Rf3 Re4 25. Rg3 Rde8 26. cxd5 Rxb4 27. d6 Ne6 28. d7 Rd8 29. a5 Rb5 30. Ra1 Nc5 31. e4 Nxe4 32. Re3 Nf6 33. Rae1 Kf8 34. Re7 Rxa5 35. Nc4 Rd5 36. R1e5 Rd1+ 37. Re1 Rxe1+ 38. Rxe1 Rxd7 39. g5 Nd5 40. Rf1 b5 41. Ne5 Rc7 42. Rc1 c5 43. Rd1 Nb4 44. Nd7+ Kg7 45. Kf2 c4 46. Ne5 Rc5 47. Nf3 a5 48. Ke3 a4 49. Kd4 Rd5+ 0-1